Countries with embassies and consulates in Laos - Statistics

General Stats
  • This quiz has been taken 86 times
  • The average score is 24 of 27
Answer Stats
Continent Country % Correct
North America Canada
100%
Asia China
100%
Asia India
100%
Asia/ Europe Russia
100%
North America United States of America
100%
Oceania Australia
99%
Asia Cambodia
99%
Europe United Kingdom
99%
Asia Vietnam
99%
Europe France
97%
Asia Myanmar
97%
Asia/ Europe Turkey
97%
Europe Germany
96%
Asia Indonesia
96%
Asia South Korea
96%
Asia Japan
94%
Asia Thailand
94%
North America Cuba
92%
Asia Malaysia
90%
Asia the Philippines
89%
Asia Singapore
88%
Asia Mongolia
85%
Asia North Korea
85%
Asia Brunei
79%
Asia Timor Leste
61%
Asia Kuwait
40%
Europe Luxembourg
28%
No matching quizzes found
Score Distribution
Percent of People with Each Score
Percentile by Number Answered
Your Score History
You have not taken this quiz